[Event "Let's Play Chess!"]
[Site "http://www.queenalice.com/game.php?id=131883"]
[Date "2006.11.21"]
[Round "-"]
[White "leafar"]
[Black "xeslider"]
[Result "1-0"]
[WhiteElo "1410"]
[BlackElo "1100"]

1. c4 e5 2. e4 Nf6 3. d3 Bb4+ 4. Bd2 Bxd2+ 5. Nxd2 Nc6 6. Ngf3 O-O 7. g3 d6 8.
Bg2 Bg4 9. O-O Bxf3 10. Nxf3 a5 11. a4 Ne7 12. Qb3 c5 13. Ng5 h6 14. Nf3 1-0

[Event "The Saddest Song"]
[Site "http://www.queenalice.com/game.php?id=132064"]
[Date "2006.11.21"]
[Round "-"]
[White "xeslider"]
[Black "mazzini"]
[Result "0-1"]
[WhiteElo "1045"]
[BlackElo "1689"]

1. e4 e5 2. Nf3 Nc6 3. Bb5 d6 4. Bxc6+ bxc6 5. O-O Nf6 6. d3 h6 7. Bd2 Be7 8.
Nc3 O-O 9. Qe2 Bg4 10. h3 Bh5 11. g4 Bg6 12. Nh4 Nxe4 13. Nxe4 Bxh4 14. Ng3 Re8
15. Rae1 c5 16. b3 a5 17. a4 Bg5 18. Bxg5 Qxg5 19. Qe3 Qxe3 20. fxe3 e4 21. Nxe4
Bxe4 22. dxe4 Rxe4 23. c4 Rae8 24. Rf3 g5 25. Kg2 c6 0-1

[Event "Keep Walking"]
[Site "http://www.queenalice.com/game.php?id=132065"]
[Date "2006.11.21"]
[Round "-"]
[White "mazzini"]
[Black "xeslider"]
[Result "1-0"]
[WhiteElo "1600"]
[BlackElo "1055"]

1. e4 e5 2. Nf3 Nf6 3. Nc3 Nc6 4. Bb5 Bb4 5. Bxc6 Bxc3 6. dxc3 dxc6 7. Qxd8+
Kxd8 8. Nxe5 Ke8 9. f3 b5 10. Nxc6 a6 11. Bg5 Bd7 12. Bxf6 gxf6 13. Nd4 c5 14.
Nb3 c4 15. Nc5 Rc8 16. Nxa6 f5 17. Nc5 Rxc5 18. O-O fxe4 19. fxe4 Rf8 20. b4 f5
21. Rae1 fxe4 22. Rxe4+ 1-0

[Event "People are Strange"]
[Site "http://www.queenalice.com/game.php?id=132066"]
[Date "2006.11.21"]
[Round "-"]
[White "Martinelli"]
[Black "xeslider"]
[Result "1-0"]
[WhiteElo "1532"]
[BlackElo "1155"]

1. e4 e5 2. Nf3 Nf6 3. Nc3 d6 4. Bb5+ Bd7 5. Bc4 Bg4 6. O-O Bxf3 7. Qxf3 c6 8.
d3 Nbd7 9. Bg5 h6 10. Be3 Be7 11. Qg3 g5 12. Ne2 O-O 13. Bxg5 hxg5 14. Qxg5+ Kh8
15. Qh6+ Nh7 16. Ng3 Nb6 17. Nf5 Bf6 18. Rae1 1-0

[Event "You"]
[Site "http://www.queenalice.com/game.php?id=132067"]
[Date "2006.11.21"]
[Round "-"]
[White "xeslider"]
[Black "leafar"]
[Result "0-1"]
[WhiteElo "1155"]
[BlackElo "1628"]

1. e4 e5 2. Nf3 d6 3. c3 c5 4. Bb5+ Bd7 5. Bxd7+ Nxd7 6. O-O Ngf6 7. d3 Be7 8.
Bg5 O-O 9. Bxf6 Bxf6 10. Nbd2 Nb6 11. c4 Nd7 12. b3 a6 13. a4 g6 14. g3 Qb6 15.
h4 Bg7 16. Rb1 f5 17. Ng5 fxe4 0-1

[Event "Exagerado"]
[Site "http://www.queenalice.com/game.php?id=132106"]
[Date "2006.11.21"]
[Round "-"]
[White "xeslider"]
[Black "henriquerocha"]
[Result "0-1"]
[WhiteElo "1055"]
[BlackElo "1374"]

1. e4 e5 2. Nf3 Nc6 3. Bb5 a6 4. Bxc6 dxc6 5. Nxe5 Qg5 6. d4 Qxg2 7. Qf3 Bb4+ 8.
Nd2 Qxf3 9. Nxf3 Nf6 10. e5 Nd5 11. a3 Ba5 12. b4 Bb6 13. c4 Nc3 14. Bb2 Na4 15.
Ra2 O-O 16. c5 Be6 0-1

[Event "Sandman"]
[Site "http://www.queenalice.com/game.php?id=132108"]
[Date "2006.11.21"]
[Round "-"]
[White "henriquerocha"]
[Black "xeslider"]
[Result "1-0"]
[WhiteElo "1380"]
[BlackElo "1049"]

1. e4 e5 2. Nc3 Nf6 3. d4 exd4 4. Qxd4 Nc6 5. Qc4 Bb4 6. Bd2 Bxc3 7. Bxc3 O-O 8.
O-O-O d6 9. e5 Nxe5 10. Bxe5 dxe5 11. Rxd8 Rxd8 12. Qxc7 Rd7 13. Qxe5 b6 14. Bd3
Rd8 15. Qc7 Be6 16. Nf3 1-0

[Event "Game name"]
[Site "http://www.queenalice.com/game.php?id=132112"]
[Date "2006.11.21"]
[Round "-"]
[White "xeslider"]
[Black "Torresmo"]
[Result "0-1"]
[WhiteElo "1155"]
[BlackElo "1568"]

1. d4 d5 2. Nc3 c6 3. e4 dxe4 4. Nxe4 e5 5. dxe5 Qxd1+ 6. Kxd1 Bf5 7. Bd3 Nd7 8.
Bf4 O-O-O 9. Ne2 Bxe4 10. Bxe4 Nxe5+ 11. Kc1 Ng4 12. f3 N4f6 13. Bd3 Ne7 14. Ng3
Ned5 15. Bg5 h6 0-1

[Event "Buena, buena, buena!"]
[Site "http://www.queenalice.com/game.php?id=132116"]
[Date "2006.11.21"]
[Round "-"]
[White "DSRelva"]
[Black "xeslider"]
[Result "1-0"]
[WhiteElo "1795"]
[BlackElo "1155"]

1. e4 e5 2. Nf3 Nf6 3. d4 d6 4. dxe5 dxe5 5. Nxe5 Nxe4 6. Qxd8+ Kxd8 7. Nxf7+
Ke7 8. Nxh8 g6 9. Bc4 Bg7 10. Nf7 Be6 11. Bxe6 Kxe6 12. Nd8+ Ke7 13. Nxb7 Nd6
14. Nxd6 Be5 15. Ne4 Nc6 16. Nbc3 Nd4 17. O-O Nxc2 18. Bg5+ Ke6 19. Rac1 Nd4 20.
f4 Bd6 21. Nxd6 1-0

[Event "The Other Side"]
[Site "http://www.queenalice.com/game.php?id=132117"]
[Date "2006.11.21"]
[Round "-"]
[White "xeslider"]
[Black "DSRelva"]
[Result "0-1"]
[WhiteElo "1155"]
[BlackElo "1793"]

1. d4 Nf6 2. Bg5 e6 3. Bxf6 Qxf6 4. Nf3 Nc6 5. e4 d5 6. e5 Qh6 7. Qd2 g6 8. Qxh6
Bxh6 9. Bb5 Bd7 10. Bxc6 Bxc6 11. O-O b6 12. c3 O-O-O 13. Nbd2 Bxd2 14. Nxd2 Bb5
15. Rfe1 f6 16. exf6 Rhf8 17. b4 Rxf6 18. f3 Rdf8 19. a4 Bd7 20. Rf1 h5 0-1